000 01063nam a2200217Ia 4500
999 _c41491
_d41491
001 8158
003 GE_BSU
005 20240320155602.0
008 181216s2013||||ge |||||||||||||| ||geo||
020 _a9789941434655
040 _cGE_BSU
041 _ageo
080 _a159.923 ბ-25
100 _aბარამიძე, ნოდარ
_921496
245 _aნებისმიერი და ზნეობრივი ქცევის მიმართების პრობლემა /
_cნოდარ ბარამიძე ; რედ. ირაკლი იმედაძე.
264 _aბათუმი :
_bბათუმის შ.რუსთაველის სახელმწიფო უნ-ტი,
_c2013.
300 _a230 გვ. ;
_c21 სმ.
653 _aნებისმიერი და ზნეობრივი ქცევის მიმართების პრობლემა
700 _aიმედაძე, ირაკლი
_eრედაქტორი
_921497
942 _cBK
_2udc